01054nab a22001937a 4500003000400000005001700004008004100021040000700062100003300069245009700102300001500199505035600214505007200570650002300642650005200665650002700717650001900744773009700763OSt20260108020946.0190514b xxu||||| |||| 00| 0 spa d cPJ aFortuna, Sebastián Ignacio10aDerecho a la intimidad de NNyA y la exposición a redes sociales /cSebastián I. Fortuna. ap. 124-130 aSumario: I. Breves palabras de inicio. Elección del tema.— II. Introducción. — III. Uniones convivenciales y vivienda familiar.— IV. Relaciones de familia y restricciones al poder dispositivo. Evolución.— V. Estatuto patrimonial de las uniones convivenciales.— VI. Instrumentos de protección de la vivienda. — VII. A modo de cierre tSi te interesa el texto, comunicate a koha@justierradelfuego.gov.ar 0aDERECHO DE FAMILIA 0aDERECHOS DE LAS NIÑAS, NIÑOS Y ADOLESCENTES 0aDERECHO A LA INTIMIDAD 0aREDES SOCIALES0 02844dBuenos Aires : AbeledoPerrot, 1989-tDerecho de familia. N° 119 - Mayo 2025z18511201